[Event "DEM U10w 2023"]
[Site "Willingen GER"]
[Date "2023.05.30"]
[Round "5"]
[White "Heidtkamp, Anna"]
[Black "Shynkar, Daria"]
[Result "0-1"]
[Termination "normal"]
[Board "1"]
[WhiteElo "1352"]
[BlackElo "1179"]
[WhiteClock "00:05:19"]
[BlackClock "00:08:24"]
[PlyCount "150"]
[WhiteFideId "16269012"]
[BlackFideId "34163212"]
[EventCountry "GER"]
[EventRounds "11"]
[EventType "swiss"]
[EventDate "2023.05.27"]

1. e4 {[%clk 01:15:59]} {[%emt 15:27:42]} c5 {[%clk 01:15:58]} {[%emt
00:00:03]} 2. Nf3 {[%clk 01:16:22]} {[%emt 00:00:06]} Nc6 {[%clk 01:16:21]}
{[%emt 00:00:07]} 3. d3 {[%clk 01:16:48]} {[%emt 00:00:04]} e5 {[%clk
01:16:45]} {[%emt 00:00:06]} 4. g3 {[%clk 01:17:11]} {[%emt 00:00:07]} Nf6
{[%clk 01:17:09]} {[%emt 00:00:06]} 5. Bg2 {[%clk 01:17:34]} {[%emt 00:00:07]}
Be7 {[%clk 01:17:31]} {[%emt 00:00:08]} 6. O-O {[%clk 01:17:57]} {[%emt
00:00:07]} O-O {[%clk 01:17:55]} {[%emt 00:00:06]} 7. h4 {[%clk 01:18:13]}
{[%emt 00:00:13]} d6 {[%clk 01:18:15]} {[%emt 00:00:10]} 8. Re1 {[%clk
01:17:58]} {[%emt 00:00:45]} Bg4 {[%clk 01:18:03]} {[%emt 00:00:43]} 9. c3
{[%clk 01:16:54]} {[%emt 00:01:35]} b5 {[%clk 01:14:42]} {[%emt 00:03:51]} 10.
Be3 {[%clk 01:09:27]} {[%emt 00:07:57]} a5 {[%clk 01:11:09]} {[%emt 00:04:03]}
11. a3 {[%clk 01:07:06]} {[%emt 00:02:51]} b4 {[%clk 01:09:59]} {[%emt
00:01:39]} 12. c4 {[%clk 01:03:19]} {[%emt 00:04:16]} Qb6 {[%clk 01:04:46]}
{[%emt 00:05:43]} 13. Nbd2 {[%clk 01:01:11]} {[%emt 00:02:39]} Rfb8 {[%clk
01:01:38]} {[%emt 00:03:38]} 14. a4 {[%clk 00:50:31]} {[%emt 00:11:10]} h6
{[%clk 00:56:37]} {[%emt 00:05:31]} 15. Nf1 {[%clk 00:45:14]} {[%emt 00:05:47]}
Nd4 {[%clk 00:48:21]} {[%emt 00:08:46]} 16. Bxd4 {[%clk 00:44:48]} {[%emt
00:00:55]} cxd4 {[%clk 00:48:38]} {[%emt 00:00:13]} 17. N1h2 {[%clk 00:44:13]}
{[%emt 00:01:06]} Bh5 {[%clk 00:49:00]} {[%emt 00:00:09]} 18. Bh3 {[%clk
00:42:19]} {[%emt 00:02:23]} Bxf3 {[%clk 00:46:05]} {[%emt 00:03:25]} 19. Qxf3
{[%clk 00:39:53]} {[%emt 00:02:56]} Qc6 {[%clk 00:43:00]} {[%emt 00:03:35]} 20.
Ng4 {[%clk 00:33:30]} {[%emt 00:06:52]} Rb7 {[%clk 00:36:50]} {[%emt 00:06:41]}
21. Nxf6+ {[%clk 00:31:05]} {[%emt 00:02:55]} Bxf6 {[%clk 00:37:15]} {[%emt
00:00:05]} 22. Qe2 {[%clk 00:30:27]} {[%emt 00:01:06]} Rab8 {[%clk 00:37:05]}
{[%emt 00:00:41]} 23. b3 {[%clk 00:30:09]} {[%emt 00:00:48]} g6 {[%clk
00:30:40]} {[%emt 00:06:56]} 24. Bg2 {[%clk 00:27:24]} {[%emt 00:03:15]} Qd7
{[%clk 00:30:29]} {[%emt 00:00:41]} 25. f4 {[%clk 00:19:34]} {[%emt 00:08:20]}
Rc7 {[%clk 00:30:12]} {[%emt 00:00:47]} 26. fxe5 {[%clk 00:19:48]} {[%emt
00:00:16]} Bxe5 {[%clk 00:29:14]} {[%emt 00:01:28]} 27. Kh2 {[%clk 00:16:28]}
{[%emt 00:03:50]} Qe7 {[%clk 00:29:18]} {[%emt 00:00:26]} 28. Rf1 {[%clk
00:15:33]} {[%emt 00:01:24]} Qxh4+ {[%clk 00:29:40]} {[%emt 00:00:08]} 29. Kg1
{[%clk 00:13:53]} {[%emt 00:02:02]} Qxg3 {[%clk 00:28:30]} {[%emt 00:01:48]}
30. Rf3 {[%clk 00:11:19]} {[%emt 00:03:04]} Qg4 {[%clk 00:26:30]} {[%emt
00:02:26]} 31. Kf2 {[%clk 00:09:43]} {[%emt 00:02:10]} Qh4+ {[%clk 00:26:17]}
{[%emt 00:00:43]} 32. Kg1 {[%clk 00:08:21]} {[%emt 00:01:52]} Bf4 {[%clk
00:25:03]} {[%emt 00:01:32]} 33. Rh3 {[%clk 00:07:39]} {[%emt 00:01:24]} Qg5
{[%clk 00:24:40]} {[%emt 00:00:52]} 34. Qf3 {[%clk 00:05:18]} {[%emt 00:02:53]}
Be3+ {[%clk 00:24:26]} {[%emt 00:00:43]} 35. Kh1 {[%clk 00:05:40]} {[%emt
00:00:09]} Qf4 {[%clk 00:17:51]} {[%emt 00:07:04]} 36. Qxf4 {[%clk 00:04:45]}
{[%emt 00:01:25]} Bxf4 {[%clk 00:18:16]} {[%emt 00:00:06]} 37. Rf1 {[%clk
00:05:09]} {[%emt 00:00:05]} Be3 {[%clk 00:15:36]} {[%emt 00:03:12]} 38. Rf6
{[%clk 00:05:11]} {[%emt 00:00:27]} Rd8 {[%clk 00:15:08]} {[%emt 00:00:53]} 39.
Rg3 {[%clk 00:04:44]} {[%emt 00:01:01]} Kg7 {[%clk 00:14:33]} {[%emt 00:01:05]}
40. Rf5 {[%clk 00:03:37]} {[%emt 00:01:35]} Rc5 {[%clk 00:13:43]} {[%emt
00:01:22]} 41. Rf1 {[%clk 00:01:38]} {[%emt 00:02:29]} Rh5+ {[%clk 00:14:03]}
{[%emt 00:00:10]} 42. Bh3 {[%clk 00:01:38]} {[%emt 00:00:30]} Re8 {[%clk
00:10:06]} {[%emt 00:04:28]} 43. Rgf3 {[%clk 00:00:38]} {[%emt 00:01:30]} Re7
{[%emt 00:01:03]} 44. Kh2 {[%clk 00:00:36]} {[%emt 00:00:26]} g5 {[%clk
00:09:03]} {[%emt 00:01:05]} 45. Rf5 {[%clk 00:12:24]} {[%emt 00:03:42]} Rh4
{[%clk 00:19:26]} {[%emt 00:05:07]} 46. R1f3 {[%clk 00:08:58]} {[%emt
00:03:57]} g4 {[%clk 00:18:56]} {[%emt 00:01:01]} 47. Rg3 {[%clk 00:07:34]}
{[%emt 00:01:48]} Rxh3+ {[%clk 00:18:06]} {[%emt 00:01:24]} 48. Rxh3 {[%clk
00:07:59]} {[%emt 00:00:05]} gxh3 {[%clk 00:18:26]} {[%emt 00:00:11]} 49. Rxa5
{[%clk 00:07:45]} {[%emt 00:00:44]} Kf6 {[%clk 00:08:03]} {[%emt 00:10:53]} 50.
Kxh3 {[%clk 00:07:06]} {[%emt 00:01:08]} Re8 {[%clk 00:06:32]} {[%emt
00:02:02]} 51. Ra6 {[%clk 00:06:18]} {[%emt 00:01:17]} Ke5 {[%clk 00:06:11]}
{[%emt 00:00:50]} 52. Ra5+ {[%clk 00:06:34]} {[%emt 00:00:16]} Ke6 {[%clk
00:06:36]} {[%emt 00:00:05]} 53. Ra6 {[%clk 00:06:58]} {[%emt 00:00:06]} Rc8
{[%clk 00:07:01]} {[%emt 00:00:05]} 54. Ra5 {[%clk 00:07:16]} {[%emt 00:00:12]}
Rc5 {[%clk 00:05:29]} {[%emt 00:02:02]} 55. Rxc5 {[%clk 00:06:57]} {[%emt
00:00:49]} dxc5 {[%clk 00:05:54]} {[%emt 00:00:05]} 56. Kg4 {[%clk 00:07:19]}
{[%emt 00:00:08]} Bg5 {[%clk 00:05:55]} {[%emt 00:00:29]} 57. Kh5 {[%clk
00:07:25]} {[%emt 00:00:23]} Bf4 {[%clk 00:05:09]} {[%emt 00:01:17]} 58. Kg4
{[%clk 00:07:26]} {[%emt 00:00:29]} Bb8 {[%clk 00:04:13]} {[%emt 00:01:26]} 59.
a5 {[%clk 00:05:59]} {[%emt 00:01:57]} Ke5 {[%clk 00:03:36]} {[%emt 00:01:07]}
60. a6 {[%clk 00:06:11]} {[%emt 00:00:19]} Ke6 {[%clk 00:03:17]} {[%emt
00:00:48]} 61. Kh5 {[%clk 00:05:54]} {[%emt 00:00:46]} Kd7 {[%clk 00:03:19]}
{[%emt 00:00:28]} 62. Kxh6 {[%clk 00:06:07]} {[%emt 00:00:17]} Ba7 {[%clk
00:03:41]} {[%emt 00:00:09]} 63. Kg5 {[%clk 00:06:01]} {[%emt 00:00:35]} Ke6
{[%clk 00:03:54]} {[%emt 00:00:17]} 64. Kf4 {[%clk 00:05:38]} {[%emt 00:00:54]}
f6 {[%clk 00:04:12]} {[%emt 00:00:12]} 65. Kg4 {[%clk 00:05:33]} {[%emt
00:00:35]} Bb8 {[%clk 00:04:21]} {[%emt 00:00:22]} 66. Kf3 {[%clk 00:05:56]}
{[%emt 00:00:06]} f5 {[%clk 00:04:44]} {[%emt 00:00:06]} 67. exf5+ {[%clk
00:06:08]} {[%emt 00:00:18]} Kxf5 {[%clk 00:05:09]} {[%emt 00:00:06]} 68. Ke2
{[%clk 00:06:08]} {[%emt 00:00:30]} Kf4 {[%clk 00:05:32]} {[%emt 00:00:07]} 69.
Kf2 {[%clk 00:06:29]} {[%emt 00:00:08]} Ba7 {[%clk 00:05:59]} {[%emt 00:00:04]}
70. Ke2 {[%clk 00:06:29]} {[%emt 00:00:30]} Kg3 {[%clk 00:06:23]} {[%emt
00:00:05]} 71. Ke1 {[%clk 00:05:44]} {[%emt 00:01:15]} Kf3 {[%clk 00:06:48]}
{[%emt 00:00:07]} 72. Kd2 {[%clk 00:06:03]} {[%emt 00:00:10]} Kf2 {[%clk
00:07:14]} {[%emt 00:00:04]} 73. Kd1 {[%clk 00:05:01]} {[%emt 00:01:32]} Ke3
{[%clk 00:07:34]} {[%emt 00:00:10]} 74. Kc2 {[%clk 00:05:19]} {[%emt 00:00:12]}
Ke2 {[%clk 00:08:00]} {[%emt 00:00:04]} 75. Kc1 {[%emt 00:00:12]} Kxd3 {[%clk
00:08:24]} {[%emt 00:00:04]} 0-1

[Event "DEM U10w 2023"]
[Site "Willingen GER"]
[Date "2023.05.30"]
[Round "5"]
[White "Tischlinger, Lara"]
[Black "Tu, Tiffany"]
[Result "1-0"]
[Termination "normal"]
[Board "2"]
[WhiteElo "1238"]
[BlackElo "1071"]
[WhiteClock "00:21:11"]
[BlackClock "00:24:44"]
[PlyCount "127"]
[WhiteFideId "34663401"]
[BlackFideId "34628576"]
[EventCountry "GER"]
[EventRounds "11"]
[EventType "swiss"]
[EventDate "2023.05.27"]

1. e4 {[%clk 01:15:57]} {[%emt 00:00:01]} e5 {[%clk 01:15:57]} {[%emt
00:00:05]} 2. Nf3 {[%clk 01:16:22]} {[%emt 00:00:04]} Nc6 {[%clk 01:16:20]}
{[%emt 00:00:07]} 3. d4 {[%clk 01:16:46]} {[%emt 00:00:05]} exd4 {[%clk
01:16:47]} {[%emt 00:00:04]} 4. Nxd4 {[%clk 01:17:08]} {[%emt 00:00:08]} Nf6
{[%clk 01:17:12]} {[%emt 00:00:05]} 5. Nxc6 {[%clk 01:17:31]} {[%emt 00:00:07]}
bxc6 {[%clk 01:17:35]} {[%emt 00:00:07]} 6. Bd3 {[%clk 01:17:52]} {[%emt
00:00:09]} Bc5 {[%clk 01:13:43]} {[%emt 00:04:21]} 7. e5 {[%clk 01:17:20]}
{[%emt 00:01:03]} Nd5 {[%clk 01:11:39]} {[%emt 00:02:34]} 8. O-O {[%clk
01:16:31]} {[%emt 00:01:18]} O-O {[%clk 01:10:52]} {[%emt 00:01:16]} 9. Qh5
{[%clk 01:14:40]} {[%emt 00:02:21]} h6 {[%emt 00:02:01]} 10. Qf5 {[%clk
01:13:51]} {[%emt 00:01:10]} g6 {[%clk 01:08:05]} {[%emt 00:01:54]} 11. Qf3
{[%clk 01:12:38]} {[%emt 00:01:44]} Qh4 {[%clk 01:05:49]} {[%emt 00:02:47]} 12.
Re1 {[%clk 01:10:36]} {[%emt 00:02:32]} Re8 {[%clk 01:04:48]} {[%emt 00:01:23]}
13. Re4 {[%clk 01:08:38]} {[%emt 00:02:35]} Qh5 {[%clk 01:02:25]} {[%emt
00:02:32]} 14. Qxh5 {[%clk 01:08:30]} {[%emt 00:01:00]} gxh5 {[%clk 01:02:44]}
{[%emt 00:00:10]} 15. Bxh6 {[%clk 01:08:45]} {[%emt 00:00:16]} d6 {[%clk
01:01:29]} {[%emt 00:01:45]} 16. exd6 {[%clk 01:06:36]} {[%emt 00:02:39]} Rxe4
{[%clk 00:59:45]} {[%emt 00:02:14]} 17. Bxe4 {[%clk 01:06:14]} {[%emt
00:00:53]} cxd6 {[%clk 00:58:48]} {[%emt 00:01:25]} 18. Nd2 {[%clk 01:05:24]}
{[%emt 00:01:21]} f6 {[%clk 00:56:31]} {[%emt 00:02:48]} 19. Re1 {[%clk
01:02:24]} {[%emt 00:03:28]} Kf7 {[%emt 00:11:39]} 20. Nb3 {[%clk 00:57:42]}
{[%emt 00:00:31]} Bb6 {[%clk 00:49:03]} {[%emt 00:01:30]} 21. c4 {[%clk
00:54:42]} {[%emt 00:03:31]} Ne7 {[%clk 00:48:48]} {[%emt 00:00:43]} 22. Be3
{[%clk 00:48:54]} {[%emt 00:06:18]} Be6 {[%clk 00:47:16]} {[%emt 00:02:02]} 23.
Nd2 {[%clk 00:43:03]} {[%emt 00:06:22]} Ba5 {[%clk 00:45:22]} {[%emt 00:02:00]}
24. Rc1 {[%clk 00:40:29]} {[%emt 00:03:23]} Bxd2 {[%clk 00:44:43]} {[%emt
00:01:15]} 25. Bxd2 {[%clk 00:40:36]} {[%emt 00:00:23]} Rb8 {[%clk 00:44:41]}
{[%emt 00:00:27]} 26. b3 {[%clk 00:38:48]} {[%emt 00:02:24]} d5 {[%clk
00:40:50]} {[%emt 00:04:12]} 27. cxd5 {[%clk 00:36:00]} {[%emt 00:03:26]} Bxd5
{[%clk 00:39:38]} {[%emt 00:01:39]} 28. Bd3 {[%clk 00:31:54]} {[%emt 00:04:39]}
Rg8 {[%clk 00:38:45]} {[%emt 00:01:13]} 29. g3 {[%clk 00:29:59]} {[%emt
00:02:33]} h4 {[%clk 00:36:39]} {[%emt 00:02:37]} 30. Kf1 {[%clk 00:28:55]}
{[%emt 00:01:36]} hxg3 {[%clk 00:33:27]} {[%emt 00:03:38]} 31. hxg3 {[%clk
00:28:50]} {[%emt 00:00:38]} Bf3 {[%clk 00:30:44]} {[%emt 00:03:07]} 32. Be2
{[%clk 00:26:16]} {[%emt 00:03:10]} Bxe2+ {[%clk 00:27:54]} {[%emt 00:03:20]}
33. Kxe2 {[%clk 00:26:21]} {[%emt 00:00:25]} Re8 {[%clk 00:27:48]} {[%emt
00:00:32]} 34. Kf3 {[%clk 00:25:37]} {[%emt 00:01:18]} Rd8 {[%clk 00:27:36]}
{[%emt 00:00:39]} 35. Be3 {[%emt 00:03:09]} a6 {[%clk 00:26:23]} {[%emt
00:00:35]} 36. Ke2 {[%clk 00:22:55]} {[%emt 00:01:43]} Rd6 {[%clk 00:25:48]}
{[%emt 00:00:54]} 37. Rd1 {[%clk 00:22:43]} {[%emt 00:00:55]} Re6 {[%clk
00:23:48]} {[%emt 00:02:27]} 38. Kf1 {[%clk 00:22:16]} {[%emt 00:00:59]} f5
{[%clk 00:23:38]} {[%emt 00:00:39]} 39. Bc5 {[%clk 00:21:02]} {[%emt 00:01:46]}
Ng6 {[%clk 00:22:48]} {[%emt 00:01:07]} 40. Rd6 {[%clk 00:20:50]} {[%emt
00:00:55]} Rxd6 {[%clk 00:21:49]} {[%emt 00:01:28]} 41. Bxd6 {[%clk 00:20:51]}
{[%emt 00:00:29]} Ke6 {[%clk 00:22:04]} {[%emt 00:00:15]} 42. Bb4 {[%clk
00:20:27]} {[%emt 00:00:52]} Kd5 {[%clk 00:22:21]} {[%emt 00:00:14]} 43. Ke2
{[%clk 00:20:44]} {[%emt 00:00:12]} c5 {[%clk 00:22:35]} {[%emt 00:00:18]} 44.
Bc3 {[%clk 00:20:33]} {[%emt 00:00:40]} Ne7 {[%clk 00:21:46]} {[%emt 00:01:18]}
45. f3 {[%clk 00:20:00]} {[%emt 00:01:02]} Nc6 {[%clk 00:20:37]} {[%emt
00:01:40]} 46. g4 {[%clk 00:19:38]} {[%emt 00:00:54]} fxg4 {[%clk 00:20:46]}
{[%emt 00:00:22]} 47. fxg4 {[%clk 00:20:01]} {[%emt 00:00:06]} Ke4 {[%clk
00:21:07]} {[%emt 00:00:08]} 48. g5 {[%clk 00:20:15]} {[%emt 00:00:16]} Kf5
{[%clk 00:21:29]} {[%emt 00:00:08]} 49. Ke3 {[%clk 00:20:07]} {[%emt 00:00:39]}
Nd8 {[%clk 00:21:35]} {[%emt 00:00:20]} 50. Bf6 {[%clk 00:19:49]} {[%emt
00:00:52]} Ne6 {[%clk 00:21:35]} {[%emt 00:00:26]} 51. Kd3 {[%emt 00:01:06]}
Nxg5 {[%clk 00:21:21]} {[%emt 00:00:03]} 52. Bxg5 {[%clk 00:20:23]} {[%emt
00:00:05]} Kxg5 {[%clk 00:21:37]} {[%emt 00:00:14]} 53. Kc4 {[%clk 00:20:47]}
{[%emt 00:00:06]} Kf6 {[%clk 00:22:02]} {[%emt 00:00:05]} 54. Kxc5 {[%clk
00:21:11]} {[%emt 00:00:06]} Ke7 {[%clk 00:22:23]} {[%emt 00:00:09]} 55. Kb6
{[%clk 00:21:22]} {[%emt 00:00:20]} Kd7 {[%clk 00:22:48]} {[%emt 00:00:04]} 56.
Kxa6 {[%clk 00:21:27]} {[%emt 00:00:24]} Kc6 {[%clk 00:22:44]} {[%emt
00:00:35]} 57. b4 {[%clk 00:21:42]} {[%emt 00:00:15]} Kc7 {[%clk 00:23:07]}
{[%emt 00:00:07]} 58. b5 {[%clk 00:21:58]} {[%emt 00:00:15]} Kb8 {[%clk
00:23:30]} {[%emt 00:00:06]} 59. Kb6 {[%clk 00:22:23]} {[%emt 00:00:05]} Ka8
{[%clk 00:23:49]} {[%emt 00:00:09]} 60. Kc7 {[%clk 00:22:42]} {[%emt 00:00:14]}
Ka7 {[%clk 00:24:11]} {[%emt 00:00:08]} 61. b6+ {[%clk 00:23:01]} {[%emt
00:01:14]} Ka8 {[%clk 00:24:29]} {[%emt 00:00:12]} 62. b7+ {[%clk 00:23:18]}
{[%emt 00:00:14]} Ka7 {[%clk 00:24:20]} {[%emt 00:00:40]} 63. b8=Q+ {[%clk
00:23:41]} {[%emt 00:00:06]} Ka6 {[%clk 00:24:44]} {[%emt 00:00:03]} 64. Qb6#
{[%clk 00:21:11]} {[%emt 00:00:15]} 1-0

[Event "DEM U10w 2023"]
[Site "Willingen GER"]
[Date "2023.05.30"]
[Round "5"]
[White "Kübart, Ela Marie"]
[Black "Schirmbeck, Lilian"]
[Result "1/2-1/2"]
[Termination "normal"]
[Board "3"]
[WhiteElo "1198"]
[BlackElo "1661"]
[WhiteClock "00:34:36"]
[BlackClock "00:15:49"]
[PlyCount "42"]
[WhiteFideId "34633723"]
[BlackFideId "34620532"]
[EventCountry "GER"]
[EventRounds "11"]
[EventType "swiss"]
[EventDate "2023.05.27"]

1. c4 {[%clk 01:15:50]} {[%emt 00:00:08]} c5 {[%clk 01:15:34]} {[%emt
00:00:56]} 2. Nc3 {[%clk 01:16:12]} {[%emt 00:00:08]} Nc6 {[%clk 01:15:39]}
{[%emt 00:00:25]} 3. e4 {[%clk 01:16:20]} {[%emt 00:00:21]} g6 {[%clk
01:12:54]} {[%emt 00:03:16]} 4. g3 {[%clk 01:16:35]} {[%emt 00:00:15]} Bg7
{[%clk 01:12:00]} {[%emt 00:01:24]} 5. Nge2 {[%clk 01:16:20]} {[%emt 00:00:45]}
a6 {[%clk 01:08:03]} {[%emt 00:04:27]} 6. d3 {[%clk 01:12:22]} {[%emt
00:04:28]} e6 {[%clk 00:57:50]} {[%emt 00:10:44]} 7. Bg2 {[%clk 01:12:10]}
{[%emt 00:00:41]} Nge7 {[%clk 00:55:15]} {[%emt 00:03:04]} 8. Be3 {[%clk
01:10:55]} {[%emt 00:01:41]} Nd4 {[%clk 00:51:23]} {[%emt 00:04:27]} 9. O-O
{[%clk 01:09:25]} {[%emt 00:01:59]} Nec6 {[%clk 00:44:23]} {[%emt 00:07:32]}
10. Rb1 {[%clk 01:02:38]} {[%emt 00:07:14]} O-O {[%clk 00:38:04]} {[%emt
00:06:50]} 11. a3 {[%clk 01:00:48]} {[%emt 00:02:21]} Qe7 {[%clk 00:35:18]}
{[%emt 00:03:16]} 12. f4 {[%clk 00:59:13]} {[%emt 00:02:03]} b6 {[%clk
00:29:33]} {[%emt 00:06:17]} 13. e5 {[%clk 00:56:30]} {[%emt 00:03:11]} Nxe2+
{[%clk 00:28:21]} {[%emt 00:01:44]} 14. Qxe2 {[%clk 00:54:14]} {[%emt
00:02:45]} Rb8 {[%clk 00:26:32]} {[%emt 00:02:21]} 15. Na4 {[%clk 00:47:45]}
{[%emt 00:06:57]} Nd4 {[%clk 00:25:23]} {[%emt 00:01:41]} 16. Qf2 {[%clk
00:46:08]} {[%emt 00:02:03]} Nf5 {[%clk 00:24:34]} {[%emt 00:01:22]} 17. d4
{[%clk 00:37:39]} {[%emt 00:08:59]} Nxe3 {[%clk 00:19:23]} {[%emt 00:05:42]}
18. Qxe3 {[%clk 00:37:08]} {[%emt 00:01:00]} cxd4 {[%clk 00:18:41]} {[%emt
00:01:43]} 19. Qxd4 {[%clk 00:37:26]} {[%emt 00:00:13]} b5 {[%clk 00:16:55]}
{[%emt 00:02:17]} 20. cxb5 {[%clk 00:36:07]} {[%emt 00:01:48]} axb5 {[%emt
00:02:24]} 21. Nb6 {[%clk 00:34:36]} Rd8 {[%clk 00:15:49]} {[%emt 00:01:42]}
1/2-1/2

[Event "DEM U10w 2023"]
[Site "Willingen GER"]
[Date "2023.05.30"]
[Round "5"]
[White "Bohatyrova, Mariia"]
[Black "Lukas, Olivia"]
[Result "1-0"]
[Termination "normal"]
[Board "4"]
[WhiteElo "1357"]
[BlackElo "1288"]
[WhiteClock "00:50:22"]
[BlackClock "00:54:37"]
[PlyCount "101"]
[WhiteFideId "34165789"]
[BlackFideId "34632239"]
[EventCountry "GER"]
[EventRounds "11"]
[EventType "swiss"]
[EventDate "2023.05.27"]

1. Nf3 {[%clk 01:15:58]} {[%emt 15:28:57]} d5 {[%clk 01:15:52]} {[%emt
00:00:08]} 2. d4 {[%clk 01:16:23]} {[%emt 00:00:05]} Nc6 {[%clk 01:16:12]}
{[%emt 00:00:10]} 3. c4 {[%clk 01:15:58]} {[%emt 00:00:55]} e6 {[%clk
01:16:36]} {[%emt 00:00:06]} 4. Nc3 {[%clk 01:16:23]} {[%emt 00:00:06]} Nf6
{[%clk 01:16:54]} {[%emt 00:00:12]} 5. Bg5 {[%clk 01:15:59]} {[%emt 00:00:54]}
Be7 {[%clk 01:17:09]} {[%emt 00:00:14]} 6. e3 {[%clk 01:16:20]} {[%emt
00:00:09]} b6 {[%clk 01:17:14]} {[%emt 00:00:25]} 7. Be2 {[%clk 01:15:48]}
{[%emt 00:01:02]} O-O {[%clk 01:17:16]} {[%emt 00:00:29]} 8. O-O {[%clk
01:16:08]} {[%emt 00:00:09]} Bb7 {[%clk 01:17:30]} {[%emt 00:00:17]} 9. cxd5
{[%clk 01:16:30]} {[%emt 00:00:07]} exd5 {[%clk 01:17:33]} {[%emt 00:00:27]}
10. Rc1 {[%clk 01:08:15]} {[%emt 00:08:45]} Rc8 {[%clk 01:16:47]} {[%emt
00:01:15]} 11. Qc2 {[%clk 00:53:39]} {[%emt 00:15:06]} Qd6 {[%clk 01:14:51]}
{[%emt 00:02:27]} 12. Qf5 {[%clk 00:50:48]} {[%emt 00:03:11]} Rfe8 {[%clk
01:12:44]} {[%emt 00:02:47]} 13. Bxf6 {[%clk 00:50:51]} {[%emt 00:00:27]} Bxf6
{[%clk 01:11:49]} {[%emt 00:01:26]} 14. Qxd5 {[%clk 00:51:04]} {[%emt
00:00:16]} Qxd5 {[%clk 01:09:30]} {[%emt 00:02:48]} 15. Nxd5 {[%clk 00:51:30]}
{[%emt 00:00:06]} Be7 {[%clk 01:09:12]} {[%emt 00:00:47]} 16. Bb5 {[%clk
00:51:45]} {[%emt 00:00:15]} Nb8 {[%clk 01:07:30]} {[%emt 00:02:13]} 17. Bxe8
{[%clk 00:50:38]} {[%emt 00:01:36]} Rxe8 {[%clk 01:07:51]} {[%emt 00:00:09]}
18. Nxc7 {[%clk 00:50:34]} {[%emt 00:00:35]} Rc8 {[%clk 01:07:08]} {[%emt
00:01:11]} 19. Nb5 {[%clk 00:50:17]} {[%emt 00:00:48]} Rd8 {[%clk 01:06:32]}
{[%emt 00:01:07]} 20. Rc7 {[%clk 00:49:43]} {[%emt 00:01:02]} Ba6 {[%clk
01:05:57]} {[%emt 00:01:04]} 21. a4 {[%clk 00:48:28]} {[%emt 00:01:47]} Rd7
{[%clk 01:05:09]} {[%emt 00:01:18]} 22. Rfc1 {[%clk 00:48:26]} {[%emt
00:00:31]} Bd8 {[%clk 01:05:04]} {[%emt 00:00:37]} 23. Rxd7 {[%clk 00:48:31]}
{[%emt 00:00:25]} Nxd7 {[%clk 01:05:18]} {[%emt 00:00:14]} 24. Nd6 {[%clk
00:47:17]} {[%emt 00:01:45]} Kf8 {[%clk 01:03:48]} {[%emt 00:02:00]} 25. Ne5
{[%clk 00:47:06]} {[%emt 00:00:41]} f6 {[%clk 01:02:58]} {[%emt 00:01:20]} 26.
Nxd7+ {[%clk 00:47:22]} {[%emt 00:00:15]} Ke7 {[%clk 01:02:10]} {[%emt
00:01:18]} 27. Nb8 {[%clk 00:47:07]} {[%emt 00:00:44]} Kxd6 {[%clk 01:01:41]}
{[%emt 00:00:54]} 28. Nxa6 {[%clk 00:47:33]} {[%emt 00:00:09]} Kd7 {[%clk
01:00:48]} {[%emt 00:01:23]} 29. Kf1 {[%clk 00:47:51]} {[%emt 00:00:12]} g5
{[%clk 01:00:51]} {[%emt 00:00:27]} 30. Ke2 {[%clk 00:48:12]} {[%emt 00:00:09]}
h5 {[%clk 01:00:21]} {[%emt 00:01:00]} 31. Kf3 {[%clk 00:48:24]} {[%emt
00:00:16]} f5 {[%clk 01:00:09]} {[%emt 00:00:43]} 32. h3 {[%clk 00:48:38]}
{[%emt 00:00:15]} h4 {[%clk 00:59:09]} {[%emt 00:01:31]} 33. Nb4 {[%clk
00:48:53]} {[%emt 00:00:16]} Be7 {[%clk 00:58:16]} {[%emt 00:01:22]} 34. Nd5
{[%clk 00:49:05]} {[%emt 00:00:17]} Bd8 {[%clk 00:58:02]} {[%emt 00:00:46]} 35.
g4 {[%clk 00:49:03]} {[%emt 00:00:30]} fxg4+ {[%clk 00:57:36]} {[%emt
00:00:57]} 36. Kxg4 {[%clk 00:49:23]} {[%emt 00:00:11]} a6 {[%clk 00:55:49]}
{[%emt 00:02:18]} 37. Kf5 {[%clk 00:49:16]} {[%emt 00:00:34]} b5 {[%clk
00:55:30]} {[%emt 00:00:49]} 38. axb5 {[%clk 00:49:30]} {[%emt 00:00:18]} axb5
{[%clk 00:55:40]} {[%emt 00:00:19]} 39. Ke5 {[%clk 00:49:09]} {[%emt 00:00:52]}
b4 {[%clk 00:51:58]} {[%emt 00:04:12]} 40. Nf6+ {[%clk 00:48:34]} {[%emt
00:01:05]} Bxf6+ {[%clk 00:51:37]} {[%emt 00:00:49]} 41. Kxf6 {[%clk 00:49:00]}
{[%emt 00:00:06]} b3 {[%clk 00:51:43]} {[%emt 00:00:24]} 42. f3 {[%clk
00:48:52]} {[%emt 00:00:38]} g4 {[%clk 00:51:36]} {[%emt 00:00:36]} 43. fxg4
{[%clk 00:49:15]} {[%emt 00:00:07]} Kd6 {[%clk 00:51:58]} {[%emt 00:00:09]} 44.
Rc5 {[%clk 00:48:24]} {[%emt 00:01:20]} Kd7 {[%clk 00:52:14]} {[%emt 00:00:15]}
45. Ke5 {[%clk 00:48:21]} {[%emt 00:00:32]} Kd8 {[%clk 00:52:31]} {[%emt
00:00:14]} 46. Kd6 {[%clk 00:48:24]} {[%emt 00:00:26]} Ke8 {[%clk 00:52:55]}
{[%emt 00:00:06]} 47. Rc7 {[%clk 00:48:48]} {[%emt 00:00:07]} Kf8 {[%clk
00:53:20]} {[%emt 00:00:05]} 48. Ke6 {[%clk 00:49:10]} {[%emt 00:00:08]} Kg8
{[%clk 00:53:45]} {[%emt 00:00:05]} 49. Kf6 {[%clk 00:49:35]} {[%emt 00:00:05]}
Kh8 {[%clk 00:54:11]} {[%emt 00:00:04]} 50. Kg6 {[%clk 00:49:59]} {[%emt
00:00:06]} Kg8 {[%clk 00:54:37]} {[%emt 00:00:04]} 51. Rc8# {[%clk 00:50:22]}
{[%emt 00:00:07]} 1-0